000 00296nam a22001337a 4500
008 171011b xxu||||| |||| 00| 0 eng d
020 _a9780716782575
041 _aeng
080 _24TH
_a316
100 _a50
101 _aSOC
245 _aTHE WILDING OF AMERICA
_cDERBER,CH
942 _2udc
_cBK
999 _c33198
_d33198